| 000 | 004470000a22001690004500 | ||
|---|---|---|---|
| 003 | MACL | ||
| 005 | 20160804122803.0 | ||
| 008 | 160804b xxu||||| |||| 00| 0 eng d | ||
| 040 |
_aMACL _cMACL |
||
| 041 | _aEnglish | ||
| 082 | _a954 CHA | ||
| 100 |
_aChatterji, Nandalal _926627 |
||
| 245 |
_aVerelsts Rule In India _cNandalal Chatterji |
||
| 260 |
_bThe Indian Press _c1939 _aAllahabad |
||
| 650 |
_aHistory _966154 |
||
| 942 |
_cBK _k954/CHA _2ddc |
||
| 999 |
_c34864 _d34864 |
||